000 01041nam a2200241Ia 4500
003 OSt
005 20220923220814.0
006 a|||||r|||| 00| 0
007 ta
008 220922b |||||||| |||| 00| 0 hin d
024 _a190,638
037 _cTextual
040 _aARTS
_cARTS
_bhin
041 _2hin
_ahin
082 _aR6, 152L3
100 _aराधाकृष्णन
245 0 _aभारतीय दर्शन* भारतीय दर्शन का विश्वविख्यात अध्ययनःबोद्धिक युग से बौद्ध काल तक, अनु नान्दकिशोर गोभिल
246 _aBhāratīya darshana: bhāratīya darshan kā vishvavikhyāt adhyayanahboddhik yug se bauddha kāl taka, anu0 nāndakishor gobhila
260 _aदिल्ली
_b राजपाल एण्ड संस
_c1973
300 _a682पृ.
_ccm.
942 _hR6, 152L3
_cTEXL
_2CC
999 _c343413
_d343413